[Event "Frankfurt Ch B 2019"]
[Site "Ffm-Höchst, BiKuZ"]
[Date "2019.05.06"]
[Round "2.17"]
[White "Corluka, Lukas"]
[Black "Rosen, Thomas"]
[Result "0-1"]
[WhiteElo "1135"]
[BlackElo "1257"]
[PlyCount "86"]
[EventDate "2019.??.??"]
[WhiteTeam "Schach AG im FDG"]
[BlackTeam "SV Lahn Limburg"]

1. e4 e5 2. Nf3 Nc6 3. Bb5 a6 4. Ba4 Nf6 5. d3 b5 6. Bb3 Be7 7. Bg5 O-O 8. O-O
d6 9. h3 Na5 10. Nbd2 Nxb3 11. Nxb3 h6 12. Bh4 Nh7 13. Bxe7 Qxe7 14. Re1 c5 15.
c3 f5 16. d4 fxe4 17. Rxe4 Ng5 18. Nxg5 Qxg5 19. Re3 Qh4 20. Rf3 Bb7 21. d5 e4
22. Rg3 e3 23. Kh2 exf2 24. Qe2 Rae8 25. Qd3 Rf6 26. Nd2 Bc8 27. Nf3 Bf5 28.
Qd2 Qh5 29. Qf4 Be4 30. Qg4 Qxg4 31. hxg4 Bxd5 32. g5 hxg5 33. Nxg5 f1=Q 34.
Rxf1 Rxf1 35. Rd3 Re5 36. Nf3 Bxf3 37. Rxf3 Rxf3 38. gxf3 Re2+ 39. Kg3 Rxb2 40.
a3 Rb3 41. Kf4 Rxc3 42. Ke4 Rxa3 43. Kd5 Rd3+ 0-1

[Event "Frankfurt Ch B 2019"]
[Site "Ffm-Höchst, BiKuZ"]
[Date "2019.05.06"]
[Round "2.18"]
[White "Paulicks, Frank"]
[Black "Hartwig, Horst"]
[Result "0-1"]
[WhiteElo "1252"]
[BlackElo "1080"]
[PlyCount "82"]
[EventDate "2019.??.??"]
[WhiteTeam "SC Bad Nauheim"]
[BlackTeam "vereinslos"]

1. d4 d5 2. Bf4 e6 3. e3 Nf6 4. Nd2 Bd6 5. Bg3 Bxg3 6. hxg3 Nc6 7. f4 Ne4 8.
Nxe4 dxe4 9. c3 Bd7 10. Qc2 f5 11. Be2 Qf6 12. g4 g5 13. g3 O-O-O 14. O-O-O Ne7
15. Qb3 Nd5 16. Ba6 bxa6 17. Re1 gxf4 18. gxf4 fxg4 19. Ne2 Nxe3 20. Reg1 Bb5
21. Re1 Bxe2 22. Rxe2 Qxf4 23. Qxe6+ Rd7 24. Qxa6+ Kd8 25. Kb1 Rf8 26. a3 Nd5
27. Qxa7 Nb6 28. Rhe1 Re8 29. Qb8+ Nc8 30. Qa8 e3 31. Qc6 g3 32. Rg2 h5 33. d5
Qe4+ 34. Ka1 Qxg2 35. Qf6+ Ne7 36. c4 Qf2 37. Qc3 Qd2 38. Qxe3 Qxe3 39. Rxe3
Nf5 40. Rf3 Rf7 41. a4 g2 0-1

[Event "Frankfurt Ch A 2019"]
[Site "Ffm-Höchst, BiKuZ"]
[Date "2019.05.13"]
[Round "3.1"]
[White "Chandler, Patrick"]
[Black "Poetsch, Hagen"]
[Result "0-1"]
[WhiteElo "2119"]
[BlackElo "2497"]
[PlyCount "96"]
[EventDate "2019.??.??"]
[WhiteTeam "SC Nied"]
[BlackTeam "SC Heusenstamm"]

1. Nf3 Nf6 2. c4 a6 3. Nc3 e6 4. e3 d5 5. b3 c5 6. Bb2 Nc6 7. d4 cxd4 8. Nxd4
e5 9. Nxc6 bxc6 10. Be2 Bd6 11. O-O Bb7 12. Na4 O-O 13. Qc2 Qe7 14. f3 Rad8 15.
Rae1 Bb8 16. Kh1 Rfe8 17. c5 d4 18. e4 Nh5 19. g3 Bc8 20. Bd3 Bc7 21. Bc1 g6
22. Bd2 Ng7 23. b4 f5 24. Qc1 f4 25. Nb6 Bh3 26. Rg1 Ne6 27. a4 a5 28. gxf4
axb4 29. f5 Qxc5 30. Nc4 Nf4 31. Bxf4 exf4 32. e5 Bxe5 33. Rxe5 Rxe5 34. Nxe5
Qxe5 35. fxg6 c5 36. g7 Be6 37. Re1 Qh5 38. Qxf4 Bd5 39. Rf1 c4 40. Bf5 d3 41.
h3 d2 42. Kh2 Re8 43. Rg1 Re2+ 44. Kg3 Qf7 45. Kh4 Qe7+ 46. Kh5 Bf7+ 47. Kg4
h5+ 48. Kg3 Qe5 0-1

[Event "Frankfurt Ch A 2019"]
[Site "Ffm-Höchst, BiKuZ"]
[Date "2019.05.13"]
[Round "3.2"]
[White "Milov, Leonid"]
[Black "Reitz, Philipp"]
[Result "1-0"]
[WhiteElo "2456"]
[BlackElo "2020"]
[PlyCount "45"]
[EventDate "2019.??.??"]
[WhiteTeam "SC Noris-Tarrasch Nürnberg"]
[BlackTeam "VfR-SC Koblenz"]

1. e4 c5 2. Nf3 e6 3. Nc3 Nc6 4. d4 cxd4 5. Nxd4 Qc7 6. Be3 a6 7. Qf3 Nf6 8.
O-O-O Nxd4 9. Bxd4 e5 10. Be3 d6 11. h3 Be6 12. Bd3 Rc8 13. a3 Qa5 14. Bd2 Qc5
15. g4 h6 16. Kb1 b5 17. Be3 Qc6 18. Be2 d5 19. exd5 Nxd5 20. Rxd5 b4 21. axb4
Bxb4 22. Rxe5 Qc7 23. Bf4 1-0

[Event "Frankfurt Ch A 2019"]
[Site "Ffm-Höchst, BiKuZ"]
[Date "2019.05.13"]
[Round "3.4"]
[White "Neukirchner, Pascal"]
[Black "Schwenkreis, Thomas"]
[Result "1-0"]
[WhiteElo "2298"]
[BlackElo "1995"]
[PlyCount "67"]
[EventDate "2019.??.??"]
[WhiteTeam "SK Gründau"]
[BlackTeam "SV Oberursel"]

1. d4 Nf6 2. c4 g6 3. f3 Bg7 4. e4 d6 5. Nc3 O-O 6. Bg5 h6 7. Be3 e5 8. Nge2
Nc6 9. d5 Ne7 10. Qd2 Kh7 11. g4 Ne8 12. Ng3 c6 13. Bd3 cxd5 14. cxd5 a6 15. a4
Bd7 16. O-O Ng8 17. Kg2 Qh4 18. Rfc1 Bf6 19. a5 Bg5 20. Na4 Bxe3 21. Qxe3 h5
22. h3 Ne7 23. Nb6 Rd8 24. b4 Kg7 25. Qf2 Rh8 26. Rh1 Qf6 27. Ne2 g5 28. Ng3
Ng6 29. Nxd7 Rxd7 30. Qe3 Qf4 31. Kf2 hxg4 32. hxg4 Rxh1 33. Rxh1 Nh4 34. Nh5+
1-0

[Event "Frankfurt Ch A 2019"]
[Site "Ffm-Höchst, BiKuZ"]
[Date "2019.05.13"]
[Round "3.5"]
[White "Nehmert, Ulrich"]
[Black "Hoti, Safet"]
[Result "1-0"]
[WhiteElo "2152"]
[BlackElo "1944"]
[PlyCount "55"]
[EventDate "2019.??.??"]
[WhiteTeam "Wiesbadener SV"]
[BlackTeam "SC Heusenstamm"]

1. d4 Nf6 2. c4 e6 3. Nc3 d5 4. Bg5 Be7 5. cxd5 exd5 6. e3 h6 7. Bh4 c6 8. Qc2
Be6 9. Nf3 Nbd7 10. Bd3 g5 11. Bg3 Nh5 12. Bf5 Bxf5 13. Qxf5 Ng7 14. Qd3 Nf6
15. Ne5 Qc8 16. h4 g4 17. f3 Nfh5 18. Bf4 Nxf4 19. exf4 gxf3 20. Qxf3 h5 21.
O-O-O Qf5 22. Rhe1 Ne6 23. g3 O-O-O 24. Qf2 Rd6 25. Qc2 Qf6 26. Nb5 Kb8 27.
Nxd6 Bxd6 28. Nd7+ 1-0

[Event "Frankfurt Ch A 2019"]
[Site "Ffm-Höchst, BiKuZ"]
[Date "2019.05.13"]
[Round "3.6"]
[White "Uwira, Oliver"]
[Black "Rennhack, Peer"]
[Result "1-0"]
[WhiteElo "2143"]
[BlackElo "1873"]
[PlyCount "71"]
[EventDate "2019.??.??"]
[WhiteTeam "SC Nied"]
[BlackTeam "Frankfurter TV"]

1. d4 Nf6 2. c4 g6 3. Nc3 Bg7 4. e4 d6 5. f3 O-O 6. Bg5 Nbd7 7. Qd2 c5 8. d5
Qa5 9. Nge2 a6 10. Nc1 Re8 11. Be2 Rb8 12. a4 Ne5 13. Ra3 e6 14. f4 Ned7 15.
O-O exd5 16. exd5 Nf8 17. h3 Qc7 18. Bd3 Nh5 19. N1e2 f5 20. Raa1 Nf6 21. Rae1
Bd7 22. Bh4 b5 23. axb5 axb5 24. cxb5 c4 25. Bc2 Bxb5 26. Nd4 Bd7 27. Rxe8 Rxe8
28. Bf2 Qa5 29. Nc6 Bxc6 30. dxc6 Rd8 31. Qe2 d5 32. Qe7 Rc8 33. Ba4 Rc7 34.
Qd8 Kf7 35. Nb5 Ne6 36. Nd6# 1-0

[Event "Frankfurt Ch A 2019"]
[Site "Ffm-Höchst, BiKuZ"]
[Date "2019.05.13"]
[Round "3.7"]
[White "Deppe, Leo Max"]
[Black "Hankel, Dennis"]
[Result "1/2-1/2"]
[WhiteElo "1920"]
[BlackElo "2131"]
[PlyCount "67"]
[EventDate "2019.??.??"]
[WhiteTeam "SC Bad Soden"]
[BlackTeam "SF Neuberg"]

1. d4 d5 2. c4 e6 3. Nc3 c6 4. cxd5 exd5 5. Nf3 Bf5 6. Bf4 Bd6 7. Bxd6 Qxd6 8.
g3 Nd7 9. Bg2 Ngf6 10. O-O O-O 11. Nh4 Bg4 12. h3 Be6 13. Qd2 h6 14. Rad1 Rfe8
15. b3 Nf8 16. Kh2 Rad8 17. f4 Bc8 18. Nf3 Ne4 19. Nxe4 dxe4 20. Ne5 f6 21. Nc4
Qe7 22. e3 b6 23. f5 Rd5 24. g4 b5 25. Na5 Qc7+ 26. Kh1 c5 27. Rf4 cxd4 28.
Rxe4 Rxe4 29. Bxe4 Re5 30. Rc1 Qd7 31. Qxd4 Qxd4 32. exd4 Rxe4 33. Rxc8 Rxd4
34. Rc2 1/2-1/2

[Event "Frankfurt Ch A 2019"]
[Site "Ffm-Höchst, BiKuZ"]
[Date "2019.05.13"]
[Round "3.9"]
[White "Khenkin, Igor"]
[Black "Faqiry, Ramat"]
[Result "1-0"]
[WhiteElo "2512"]
[BlackElo "1973"]
[PlyCount "63"]
[EventDate "2019.??.??"]
[WhiteTeam "SG Turm Kiel"]
[BlackTeam "SK Bad Homburg"]

1. d4 Nf6 2. c4 g6 3. Nc3 Bg7 4. e4 d6 5. Nf3 O-O 6. Be2 e5 7. d5 a5 8. Bg5 h6
9. Be3 Ng4 10. Bc1 f5 11. exf5 Bxf5 12. h3 Nf6 13. g4 Bd7 14. Be3 Na6 15. Qd2
g5 16. Nh2 Nc5 17. Nf1 Nfe4 18. Nxe4 Nxe4 19. Qc2 Nc5 20. Ng3 Qe8 21. h4 e4 22.
hxg5 hxg5 23. Rh5 Nd3+ 24. Bxd3 exd3 25. Qxd3 Qe5 26. Rxg5 Qxb2 27. Bd4 Rae8+
28. Ne4 Qb4+ 29. Kf1 Re7 30. Nf6+ Rxf6 31. Bxf6 Rf7 32. Qd4 1-0

[Event "Frankfurt Ch A 2019"]
[Site "Ffm-Höchst, BiKuZ"]
[Date "2019.05.13"]
[Round "3.10"]
[White "Bischoff, Ulrich"]
[Black "Stelzer, Harald"]
[Result "0-1"]
[WhiteElo "1961"]
[BlackElo "2155"]
[PlyCount "78"]
[EventDate "2019.??.??"]
[WhiteTeam "Sfr. Erbach"]
[BlackTeam "Sges Bensheim"]

1. Nf3 d5 2. c4 c6 3. g3 Nf6 4. Bg2 g6 5. O-O Bg7 6. d3 O-O 7. cxd5 cxd5 8. Nc3
Nc6 9. Qb3 d4 10. Nb5 a6 11. Na3 b5 12. Bd2 Be6 13. Qd1 Rc8 14. Qb1 Bd5 15. Nc2
e5 16. e4 dxe3 17. Nxe3 Be6 18. Rc1 h6 19. a4 Nd5 20. axb5 axb5 21. Rc5 Nxe3
22. fxe3 Qd6 23. Qc2 Ne7 24. Rc1 Rfd8 25. b4 Nd5 26. Kh1 Qb8 27. d4 exd4 28.
Nxd4 Rxc5 29. Qxc5 Bf8 30. Qxb5 Qxb5 31. Nxb5 Bxb4 32. Bxb4 Nxb4 33. Nd4 Bd5
34. Rc5 Bxg2+ 35. Kxg2 Ra8 36. h4 Ra2+ 37. Kf3 Nd3 38. Rc8+ Kg7 39. Nc2 Rxc2
0-1

[Event "Frankfurt Ch A 2019"]
[Site "Ffm-Höchst, BiKuZ"]
[Date "2019.05.13"]
[Round "3.11"]
[White "Casagrande, Thomas"]
[Black "Weber, Samuel"]
[Result "0-1"]
[WhiteElo "1952"]
[BlackElo "2147"]
[PlyCount "108"]
[EventDate "2019.??.??"]
[WhiteTeam "Frankfurter TV"]
[BlackTeam "SV Oberursel"]

1. e4 e5 2. Nf3 Nc6 3. Bb5 a6 4. Ba4 Nf6 5. O-O Be7 6. Re1 b5 7. Bb3 d6 8. c3
O-O 9. h3 Nb8 10. a4 Bb7 11. d3 Nbd7 12. Nbd2 Nc5 13. Bc2 Re8 14. b4 Ne6 15.
Nf1 Bf8 16. Ng3 g6 17. Be3 Bg7 18. Qe2 Qe7 19. Bb3 Nd7 20. d4 exd4 21. Nxd4 c5
22. Nxe6 fxe6 23. Rac1 c4 24. Ba2 Qh4 25. Qd2 Qe7 26. Bd4 e5 27. Be3 Nf8 28.
Rcd1 Rad8 29. Bb6 Rd7 30. Bb1 Ne6 31. Bc5 Bf8 32. Be3 Qh4 33. Qe2 Nf4 34. Qg4
Qxg4 35. hxg4 Rf7 36. Bc2 d5 37. axb5 d4 38. bxa6 Bxa6 39. Ba4 Rb8 40. b5 dxe3
41. fxe3 Nd3 42. Rxd3 cxd3 43. bxa6 Bc5 44. Bc6 Rf6 45. Bd5+ Kg7 46. Bc4 d2 47.
Rd1 Bxe3+ 48. Kh1 Rc6 49. Bd5 Rxc3 50. Nf1 Rc1 51. Nxe3 Rxd1+ 52. Nxd1 Rb1 53.
Bb3 Rxb3 54. Kh2 Ra3 0-1

[Event "Frankfurt Ch A 2019"]
[Site "Ffm-Höchst, BiKuZ"]
[Date "2019.05.13"]
[Round "3.12"]
[White "Neininger, Ralph"]
[Black "Steudel, Max"]
[Result "1/2-1/2"]
[WhiteElo "2133"]
[BlackElo "1970"]
[PlyCount "80"]
[EventDate "2019.??.??"]
[WhiteTeam "SV Oberursel"]
[BlackTeam "SC Brett vorm Kopp"]

1. d4 d5 2. c4 e6 3. Nc3 Be7 4. Bf4 Nf6 5. e3 O-O 6. cxd5 Nxd5 7. Bg3 b6 8. Nf3
c5 9. Bd3 cxd4 10. exd4 Bb7 11. O-O Nd7 12. Rc1 N7f6 13. Ne5 Nxc3 14. bxc3 Qd5
15. f3 Qxa2 16. Ra1 Qd5 17. Bc4 Qd8 18. Qb3 Bd5 19. Ra6 Bxc4 20. Nxc4 Qd5 21.
Rfa1 Rfc8 22. Rxa7 Rxa7 23. Rxa7 Bf8 24. Rc7 Rxc7 25. Bxc7 b5 26. Nd2 Qc6 27.
Bg3 Qa6 28. Qb2 Nd5 29. Be1 g6 30. Nb3 Qa4 31. g3 Qc4 32. Nc1 e5 33. Qe2 Qxe2
34. Nxe2 exd4 35. cxd4 Ba3 36. Bd2 Bb2 37. Kf1 Kf8 38. Ke1 Ke7 39. Kd1 Kd7 40.
Kc2 Ba3 1/2-1/2

[Event "Frankfurt Ch A 2019"]
[Site "Ffm-Höchst, BiKuZ"]
[Date "2019.05.13"]
[Round "3.13"]
[White "Koch, Markus"]
[Black "Goldt, Rainer"]
[Result "1-0"]
[WhiteElo "2089"]
[BlackElo "1852"]
[PlyCount "131"]
[EventDate "2019.??.??"]
[WhiteTeam "SC Brett vorm Kopp"]
[BlackTeam "Kreuznacher SV"]

1. d4 d5 2. Nf3 Nf6 3. e3 e6 4. Bd3 c5 5. b3 Nc6 6. O-O cxd4 7. exd4 Be7 8. Bb2
O-O 9. Ne5 Nb4 10. Be2 Bd7 11. a3 Nc6 12. Bd3 a6 13. f4 g6 14. Nd2 Nh5 15. Qg4
f5 16. Qe2 Nf6 17. c4 Ne4 18. Kh1 Nxe5 19. fxe5 Nxd2 20. Qxd2 Bc6 21. Qe2 Qd7
22. Rad1 Rac8 23. Qe3 Qd8 24. Bb1 a5 25. c5 b6 26. b4 axb4 27. axb4 bxc5 28.
dxc5 Rb8 29. Bc3 Bg5 30. Qf2 Bh6 31. Rd4 Bb5 32. Rfd1 Bg7 33. Ba2 Bc6 34. Qe1
Qc7 35. R4d2 Ba4 36. Ra1 Bc6 37. Bb3 Ra8 38. Rda2 Rxa2 39. Rxa2 Ra8 40. Rxa8+
Bxa8 41. Qa1 Bc6 42. Kg1 Qb8 43. Qa6 Bxe5 44. Qxc6 Bxc3 45. Qxe6+ Kg7 46. Qe7+
Kh8 47. b5 Bd4+ 48. Kh1 Qa8 49. Bd1 Kg8 50. c6 Qa1 51. Qe2 Bb6 52. Qe6+ Kg7 53.
Qxd5 Qc3 54. Qd7+ Kh6 55. Qe7 Qd4 56. Qe1 Qa1 57. h4 Qd4 58. Kh2 Qd6+ 59. g3
Qd4 60. Bf3 Qb2+ 61. Kh3 Qxb5 62. Qd2+ Kg7 63. Qd7+ Kh6 64. Qe7 Qf1+ 65. Bg2
Qc4 66. Qf8+ 1-0

[Event "Frankfurt Ch A 2019"]
[Site "Ffm-Höchst, BiKuZ"]
[Date "2019.05.13"]
[Round "3.14"]
[White "Hochmuth, Christian"]
[Black "Drill, Frank"]
[Result "0-1"]
[WhiteElo "1928"]
[BlackElo "2052"]
[PlyCount "58"]
[EventDate "2019.??.??"]
[WhiteTeam "SG Wächtersbach"]
[BlackTeam "SF Neuberg"]

1. e4 d6 2. d4 Nf6 3. Nc3 Nbd7 4. f4 e5 5. Nf3 c6 6. dxe5 dxe5 7. fxe5 Ng4 8.
e6 fxe6 9. Ng5 h5 10. Be2 Qb6 11. Bxg4 hxg4 12. Qxg4 Ne5 13. Qe2 Bd7 14. Nd1
Rxh2 15. Rxh2 Qg1+ 16. Qf1 Qxh2 17. Bf4 Qh5 18. Bxe5 Qxg5 19. Bf4 Qh5 20. Qf3
Qh1+ 21. Qf1 Qh7 22. Qf3 O-O-O 23. Bg5 Bb4+ 24. c3 Rf8 25. Qe2 Bc5 26. Kd2 Qg6
27. Be3 Bxe3+ 28. Nxe3 Qxe4 29. Qg4 Rf2+ 0-1

[Event "Frankfurt Ch A 2019"]
[Site "Ffm-Höchst, BiKuZ"]
[Date "2019.05.13"]
[Round "3.15"]
[White "Gräbner, Walter"]
[Black "Özdemir, Ali Özden"]
[Result "0-1"]
[WhiteElo "1922"]
[BlackElo "2025"]
[PlyCount "64"]
[EventDate "2019.??.??"]
[WhiteTeam "SC Nied"]
[BlackTeam "SK Langen"]

1. d4 Nf6 2. Nf3 g6 3. g3 Bg7 4. Bg2 O-O 5. O-O d6 6. c4 Nbd7 7. d5 Nc5 8. Nc3
a5 9. Be3 Nfd7 10. Bd4 Bh6 11. e4 e5 12. dxe6 Nxe6 13. Re1 Nxd4 14. Qxd4 Bg7
15. Qd2 Nb6 16. Qd3 a4 17. Nd4 c6 18. Rad1 Re8 19. Nc2 Be6 20. Ne3 Nd7 21. Qc2
Nc5 22. Rd2 Qa5 23. Rb1 Qb4 24. Bf1 a3 25. Ned1 f5 26. f3 fxe4 27. fxe4 Rf8 28.
b3 Be5 29. Ne2 Rf6 30. Bg2 Raf8 31. Ne3 Na6 32. Rf1 Qc5 0-1

[Event "Frankfurt Ch A 2019"]
[Site "Ffm-Höchst, BiKuZ"]
[Date "2019.05.13"]
[Round "3.16"]
[White "Brehme, Ralf-Peter"]
[Black "Fucik, Timo"]
[Result "1/2-1/2"]
[WhiteElo "1875"]
[BlackElo "2013"]
[PlyCount "78"]
[EventDate "2019.??.??"]
[WhiteTeam "Vorw.Orient Mainz"]
[BlackTeam "SK Ettlingen"]

1. f4 d5 2. Nf3 g6 3. g3 Bg7 4. Bg2 Nf6 5. O-O O-O 6. d3 b6 7. Qe1 Bb7 8. Nc3
Nc6 9. e4 dxe4 10. dxe4 e5 11. f5 Nd4 12. Rf2 gxf5 13. Bg5 Re8 14. Rd1 c5 15.
Nh4 h6 16. Bxf6 Qxf6 17. Nxf5 Qg6 18. Nxg7 Kxg7 19. Nb1 Rad8 20. c3 Ne6 21.
Rxd8 Rxd8 22. Nd2 Ng5 23. h4 Nh7 24. Nc4 f6 25. Ne3 Bc8 26. Kh2 Be6 27. Rd2 Qe8
28. c4 Rd4 29. b3 Nf8 30. Nc2 Rxd2 31. Qxd2 Qd7 32. Qxd7+ Nxd7 33. Bh3 Nf8 34.
g4 Kf7 35. Ne3 Ke7 36. Nf5+ Bxf5 37. exf5 Nd7 38. Bg2 Kd6 39. Kg3 a6 1/2-1/2

[Event "Frankfurt Ch A 2019"]
[Site "Ffm-Höchst, BiKuZ"]
[Date "2019.05.13"]
[Round "3.17"]
[White "Waffenschmidt, Joachim"]
[Black "Rupp, Mark"]
[Result "1-0"]
[WhiteElo "2001"]
[BlackElo "1901"]
[PlyCount "71"]
[EventDate "2019.??.??"]
[WhiteTeam "SC Brett vorm Kopp"]
[BlackTeam "SK Langen"]

1. d4 Nf6 2. c4 e6 3. g3 d5 4. Nf3 b6 5. Bg2 Bb7 6. O-O Nbd7 7. b3 Be7 8. Bb2
O-O 9. Nc3 Ne4 10. Nd2 f5 11. e3 Ndf6 12. Rc1 Rc8 13. Qe2 c5 14. dxc5 Nxc3 15.
Bxc3 Bxc5 16. Rfd1 Qe7 17. Bxf6 Qxf6 18. cxd5 exd5 19. Nb1 Rfd8 20. Nc3 Qe5 21.
Na4 Ba3 22. Rxc8 Rxc8 23. Qd3 Rc1 24. Rxc1 Bxc1 25. Nc3 Kf7 26. Bxd5+ Bxd5 27.
Nxd5 Ke6 28. Nf4+ Ke7 29. Qa6 Qd6 30. Qxa7+ Kf6 31. Qb7 Ke5 32. Qxg7+ Ke4 33.
Qb7+ Ke5 34. Qxh7 Ke4 35. Qb7+ Ke5 36. Qf3 1-0

[Event "Frankfurt Ch A 2019"]
[Site "Ffm-Höchst, BiKuZ"]
[Date "2019.05.13"]
[Round "3.18"]
[White "Brückmann, Gerd"]
[Black "Reschke, Thomas"]
[Result "1-0"]
[WhiteElo "1872"]
[BlackElo "2136"]
[PlyCount "53"]
[EventDate "2019.??.??"]
[WhiteTeam "SV Anderssen Arolsen"]
[BlackTeam "SC Frankfurt-West"]

1. d4 g6 2. c4 Bg7 3. Nf3 d6 4. g3 Nd7 5. Bg2 e6 6. O-O Ne7 7. Nc3 h6 8. e4 a6
9. Re1 O-O 10. h3 Rb8 11. a4 b6 12. b3 Bb7 13. Bb2 Kh7 14. Qe2 e5 15. dxe5 dxe5
16. Rad1 f5 17. exf5 gxf5 18. Nd5 Nxd5 19. cxd5 e4 20. Nh4 Ne5 21. Nxf5 Rxf5
22. Bxe4 Qg5 23. Bxf5+ Qxf5 24. Bxe5 Re8 25. f4 Qxh3 26. Qd3+ Kg8 27. Qg6 1-0

[Event "Frankfurt Ch A 2019"]
[Site "Ffm-Höchst, BiKuZ"]
[Date "2019.05.13"]
[Round "3.19"]
[White "Keller, Peter"]
[Black "Kirchmann, Sascha"]
[Result "1-0"]
[WhiteElo "2201"]
[BlackElo "1766"]
[PlyCount "83"]
[EventDate "2019.??.??"]
[WhiteTeam "Frankfurter TV"]
[BlackTeam "SC Obertshausen"]

1. e4 Nf6 2. e5 Nd5 3. d4 d6 4. Nf3 Bg4 5. Be2 e6 6. O-O Be7 7. c4 Nb6 8. Nc3
O-O 9. h3 Bh5 10. Be3 N8d7 11. exd6 cxd6 12. b3 Nf6 13. a4 a6 14. Rc1 Rc8 15.
g4 Bg6 16. Nh4 Nfd7 17. Nxg6 hxg6 18. Bf3 Qc7 19. g5 Rfd8 20. h4 Nf8 21. Kg2
Nh7 22. Be4 Nd7 23. f4 Ndf8 24. Rh1 f5 25. Bf3 Kf7 26. Qe1 Ke8 27. h5 gxh5 28.
Rxh5 g6 29. Rh6 d5 30. c5 Rd7 31. Bd2 Kf7 32. b4 b6 33. c6 Rdd8 34. b5 a5 35.
Qe3 Bd6 36. Rch1 Kg7 37. Qxe6 Bxf4 38. Rxh7+ Nxh7 39. Bxf4 Qxf4 40. Qe7+ Kg8
41. Qxh7+ Kf8 42. Qh8+ 1-0

[Event "Frankfurt Ch A 2019"]
[Site "Ffm-Höchst, BiKuZ"]
[Date "2019.05.13"]
[Round "3.20"]
[White "Varma, Christopher"]
[Black "Hristovski, Srdzan"]
[Result "1/2-1/2"]
[WhiteElo "1779"]
[BlackElo "2093"]
[Annotator "Schloessner,Henrik"]
[PlyCount "107"]
[EventDate "2019.??.??"]
[WhiteTeam "SV Oberursel"]
[BlackTeam "SF Frankfurt"]

1. e4 Nf6 2. e5 Nd5 3. d4 d6 4. c4 Nb6 5. exd6 exd6 6. Nc3 Be7 7. Bd3 O-O 8.
Nge2 Nc6 9. O-O Bf6 10. h3 g6 11. Be3 Re8 12. b3 Ne7 13. a4 a5 14. Qd2 Bf5 15.
Ng3 Qd7 16. d5 Be5 17. f4 Bg7 18. Rae1 h5 19. Nb5 Bxd3 20. Qxd3 h4 21. Ne4 Nf5
22. Bf2 Re7 23. Ng5 Rae8 24. Qd2 Ng3 25. Rxe7 Rxe7 26. Re1 Nc8 27. Rxe7 Nxe7
28. Qxa5 c6 29. Qc7 Qxc7 30. Nxc7 cxd5 31. cxd5 Ne2+ 32. Kf1 Nxf4 33. Ne4 Be5
34. Ne8 Nf5 35. Nc7 Nd3 36. Bg1 Ne7 37. Nd2 Nb4 38. Bf2 g5 39. Nf3 Bf4 40. Nd4
Nexd5 41. Ncb5 Nf6 42. Be1 Nd3 43. Ba5 Ne4 44. Nf5 Ndc5 45. Bc7 Nd2+ 46. Ke2
Ndxb3 47. a5 Ne4 48. Kd3 Nbc5+ 49. Kc4 Ne6 50. Bxd6 Nxd6+ 51. Nbxd6 Nd8 52. Kb5
Bd2 53. Nxb7 Ne6 54. Kc6 {Rest nicht lesbar. 1-0 (66)} 1/2-1/2

[Event "Frankfurt Ch A 2019"]
[Site "Ffm-Höchst, BiKuZ"]
[Date "2019.05.13"]
[Round "3.21"]
[White "Engel, Johannes"]
[Black "Merges, Harald"]
[Result "1/2-1/2"]
[WhiteElo "2047"]
[BlackElo "1757"]
[PlyCount "47"]
[EventDate "2019.??.??"]
[WhiteTeam "SC Brett vorm Kopp"]
[BlackTeam "SG Reil-Kinheim"]

1. e4 e6 2. d4 d5 3. Nc3 Bb4 4. exd5 exd5 5. Bd3 Ne7 6. Nf3 Bf5 7. O-O O-O 8.
Bg5 f6 9. Bf4 c6 10. a3 Bd6 11. Bxd6 Qxd6 12. Bxf5 Nxf5 13. Qd3 Qd7 14. Rfe1
Na6 15. h3 Rae8 16. Kf1 Nc7 17. Na4 b6 18. c4 dxc4 19. Qxc4+ Qd5 20. Rac1 Rxe1+
21. Kxe1 Re8+ 22. Kf1 Qxc4+ 23. Rxc4 Re6 24. Rc2 1/2-1/2

[Event "Frankfurt Ch A 2019"]
[Site "Ffm-Höchst, BiKuZ"]
[Date "2019.05.13"]
[Round "3.22"]
[White "Menning, Uwe"]
[Black "Rondonuwu, Grover"]
[Result "0-1"]
[WhiteElo "1779"]
[BlackElo "2043"]
[PlyCount "87"]
[EventDate "2019.??.??"]
[WhiteTeam "FC Bierstadt"]
[BlackTeam "Frankfurter TV"]

1. d4 d5 2. Nf3 Nf6 3. Bg5 Bf5 4. Bxf6 exf6 5. e3 Bd6 6. c3 Nd7 7. Bd3 Be6 8.
Nbd2 c6 9. Qc2 g6 10. a3 f5 11. g3 Nf6 12. Ng5 Bd7 13. Ngf3 Qe7 14. c4 O-O 15.
O-O Ne4 16. Bxe4 fxe4 17. Ne1 Bg4 18. Ng2 Qe6 19. f3 exf3 20. Nxf3 Bf5 21. cxd5
Qxd5 22. Qd2 Rae8 23. Nfh4 Be4 24. Ne1 Re7 25. Rd1 Rfe8 26. Nhg2 a5 27. Qf2 Qb3
28. Nf3 Bd5 29. Rc1 Qd3 30. Rc3 Qe4 31. Ng5 Qxg2+ 32. Qxg2 Bxg2 33. Kxg2 h6 34.
Nf3 Rxe3 35. Rxe3 Rxe3 36. Re1 Rb3 37. Re2 Kg7 38. Ne5 Bxe5 39. dxe5 Kf8 40.
Kh3 Ke7 41. Kg4 Ke6 42. Kf4 g5+ 43. Ke4 Rb5 44. Kd4 0-1

[Event "Frankfurt Ch A 2019"]
[Site "Ffm-Höchst, BiKuZ"]
[Date "2019.05.13"]
[Round "3.23"]
[White "Rolf, Marco"]
[Black "Zeyen, Helmut"]
[Result "1/2-1/2"]
[WhiteElo "2026"]
[BlackElo "1725"]
[PlyCount "95"]
[EventDate "2019.??.??"]
[WhiteTeam "SK Gernsheim"]
[BlackTeam "Wiesbadener SV"]

1. d4 d5 2. c4 Nc6 3. cxd5 Qxd5 4. Nf3 e5 5. Nc3 Bb4 6. dxe5 Qxd1+ 7. Kxd1 Bxc3
8. bxc3 Bg4 9. Bf4 Nge7 10. e4 Ng6 11. Bg3 Ngxe5 12. Be2 O-O-O+ 13. Kc2 Nxf3
14. gxf3 Bh5 15. Rhd1 f6 16. Rd3 Rxd3 17. Kxd3 Ne5+ 18. Ke3 Rd8 19. Bxe5 fxe5
20. Rg1 g6 21. a4 c6 22. a5 Kc7 23. a6 b6 24. c4 c5 25. Rg3 Re8 26. Bd1 h6 27.
Rg1 Rf8 28. Be2 Rd8 29. Rg3 Rd6 30. Rh3 Rf6 31. Rg3 Rd6 32. Bf1 Rd1 33. Bh3 Rd6
34. f4 exf4+ 35. Kxf4 Rf6+ 36. Ke3 g5 37. e5 Rf4 38. Be6 Bg6 39. Bd5 Rd4 40.
Rf3 Rd3+ 41. Ke2 Rxf3 42. Kxf3 Bf5 43. Kg3 Bc8 44. f4 gxf4+ 45. Kxf4 Kd8 46.
Bb7 Be6 47. Bd5 Bc8 48. Bb7 1/2-1/2

[Event "Frankfurt Ch A 2019"]
[Site "Ffm-Höchst, BiKuZ"]
[Date "2019.05.13"]
[Round "3.24"]
[White "Winand, Edgar"]
[Black "Schmidt, Markus"]
[Result "1/2-1/2"]
[WhiteElo "1778"]
[BlackElo "2015"]
[PlyCount "84"]
[EventDate "2019.??.??"]
[WhiteTeam "SF Frankfurt"]
[BlackTeam "SK Turm Bad Hersfeld"]

1. g4 c5 2. Bg2 Nc6 3. d3 d6 4. e4 e5 5. Nc3 Be7 6. Nd5 Nf6 7. Nxe7 Qxe7 8. h3
O-O 9. Ne2 Be6 10. Ng3 Rfd8 11. O-O d5 12. g5 Ne8 13. f4 exf4 14. Bxf4 dxe4 15.
Bxe4 Nd6 16. Bg2 Nf5 17. Ne4 Nh4 18. Qe1 Nxg2 19. Kxg2 Bd5 20. Kg3 Bxe4 21.
Qxe4 Qd7 22. Rae1 Re8 23. Qc4 Nd4 24. Re4 Rxe4 25. dxe4 Re8 26. Qd5 Qb5 27. c4
Qb6 28. Bd6 Ne6 29. h4 Rd8 30. e5 Qxb2 31. Qf3 Rd7 32. Qd5 Qc3+ 33. Rf3 Qe1+
34. Kg2 Qe2+ 35. Kg3 Nd4 36. Rf2 Qe3+ 37. Kg2 g6 38. Qxc5 Qe4+ 39. Kg1 Qg4+ 40.
Kf1 Qh3+ 41. Ke1 Qe3+ 42. Kf1 Qh3+ 1/2-1/2

[Event "Frankfurt Ch A 2019"]
[Site "Ffm-Höchst, BiKuZ"]
[Date "2019.05.13"]
[Round "3.26"]
[White "Bagatsch, Thomas"]
[Black "Mühlbach, Christian"]
[Result "1-0"]
[WhiteElo "1973"]
[BlackElo "1689"]
[PlyCount "51"]
[EventDate "2019.??.??"]
[WhiteTeam "SC Brett vorm Kopp"]
[BlackTeam "SK Langen"]

1. e4 d5 2. exd5 Nf6 3. c4 e6 4. dxe6 Bxe6 5. Be2 Bc5 6. Nf3 Nc6 7. O-O Nd4 8.
d3 Nf5 9. Nc3 c6 10. Ng5 Qc7 11. Nxe6 fxe6 12. Ne4 Bd4 13. Ng5 Qd6 14. Bf3 O-O
15. Qe2 Rae8 16. Be3 e5 17. a3 a5 18. Rab1 a4 19. b4 axb3 20. Rxb3 Qc5 21. Re1
Re7 22. Ne4 Qa7 23. Nxf6+ gxf6 24. Be4 Nd6 25. Bxd4 exd4 26. Bd5+ 1-0

[Event "Frankfurt Ch A 2019"]
[Site "Ffm-Höchst, BiKuZ"]
[Date "2019.05.13"]
[Round "3.27"]
[White "Rauscher, Joachim"]
[Black "Kolker, Vladislav"]
[Result "1/2-1/2"]
[WhiteElo "1764"]
[BlackElo "1959"]
[PlyCount "35"]
[EventDate "2019.??.??"]
[WhiteTeam "SC Brett vorm Kopp"]
[BlackTeam "SC Bad Nauheim"]

1. e4 c5 2. Nf3 d6 3. d4 cxd4 4. Nxd4 Nf6 5. Nc3 a6 6. Be3 e5 7. Nb3 Be6 8. f3
Nbd7 9. Qd2 b5 10. g4 Be7 11. O-O-O O-O 12. Qf2 b4 13. Nd5 Bxd5 14. exd5 a5 15.
Kb1 a4 16. Nc1 a3 17. b3 Rb8 18. h4 1/2-1/2